Food Security : (Record no. 39602)

MARC details
000 -LEADER
fixed length control field 01805nam a2200217 4500
020 ## - INTERNATIONAL STANDARD BOOK NUMBER
ISBN 9789385101946
041 ## - LANGUAGE CODE
Language code of text/sound track or separate title eng-
082 ## - DEWEY DECIMAL CLASSIFICATION NUMBER
Classification number 363.8
Item number IND-F
100 ## - MAIN ENTRY--AUTHOR NAME
Personal name Indrakant, Dr. S.
Relator term author
245 ## - TITLE STATEMENT
Title Food Security :
Sub Title A Step Towards Bangaru Telangana /
Statement of responsibility, etc Dr. S. Indrakant
260 ## - PUBLICATION, DISTRIBUTION, ETC. (IMPRINT)
Place of publication Hyderabad :
Name of publisher Paramount Publishing House,
Year of publication 2017.
300 ## - PHYSICAL DESCRIPTION
Number of Pages xx,195p.
Other physical details illustration (Black & white)
Accompanying material 24cm.
504 ## - BIBLIOGRAPHY, ETC. NOTE
Bibliography, etc includes bibliographical references
520 ## - SUMMARY, ETC.
Summary, etc Food is an essential item for the survival of human beings and has therefore always received the top most attention of mankind in the past. It is going to be so in future too. No Government can claim itself as a Welfare Government unless it provides access to food, clothing and shelter to all its citizens, in general and to the vulnerable sections of the society, in particular. Further, the Government is also supposed to provide essential services like safe-drinking water, education and health. No doubt, among all these items, the provision of food is bound to be on the top of the agenda. Emergence of Telangana on June 2, 2014 as 29th State of Indian Union has paved the way for the realization of 'Bangaru Telangana', a long-cherished dream of the people of Telangana. However, many challenges have to be encountered on the path to the attainment of the Goal. One of them is provision of a sustainable food security to one and all. In other words provision of food security to all the people is a step towards attainment of 'Bangaru Telangana'.
546 ## - LANGUAGE NOTE
Language note English
650 ## - SUBJECT ADDED ENTRY--TOPICAL TERM
Topical Term Food security
General subdivision Government policy
Geographic subdivision Telangana (India)
650 ## - SUBJECT ADDED ENTRY--TOPICAL TERM
Topical Term Public welfare
General subdivision Government policy
Geographic subdivision Telangana (India)
650 ## - SUBJECT ADDED ENTRY--TOPICAL TERM
Topical Term Poverty alleviation
Geographic subdivision Telangana (India)
650 ## - SUBJECT ADDED ENTRY--TOPICAL TERM
Topical Term Telangana (India)
General subdivision Economic policy
942 ## - ADDED ENTRY ELEMENTS (KOHA)
Source of classification or shelving scheme Dewey Decimal Classification
Koha item type Books
Holdings
Withdrawn status Lost status Damaged status Not for loan Home library Current library Date acquired Source of acquisition Bill Date Full call number Accession Number Price effective from Koha item type
        NASSDOC Library NASSDOC Library 26/03/2024 Gratis NA 363.8 IND-F 54700 26/03/2024 Books